000 00508ntaaa2200193 4500
003 01
005 20251027201619.0
008 0714s1973 ag 01
040 _aAR-BaBN
_bspa
_cAR-BaBN
_eaacr
_dRIC
082 _a248.3000 C27
100 _aCasteel, John L.
_914882
245 _aThe promise of prayer
250 _a1 ed.
260 _aNew York :
_bAssociation Press,
_cc1957
300 _a125 p
500 _aCondensation of author's book "Rediscovering prayer"
650 _aoración
_91331
942 _cBK
999 _c10782
_d10782